| 000 | 01016nam a2200205Ia 4500 | ||
|---|---|---|---|
| 003 | Ost | ||
| 005 | 20260507075135.0 | ||
| 008 | 260507s9999||||xx |||||||||||||| ||und|| | ||
| 020 | _a9061829953 | ||
| 040 | _cfsecg | ||
| 041 | _aara | ||
| 082 | _a330 | ||
| 100 |
_aالسامرائي، دريد محمود _eمؤلف |
||
| 245 | 0 |
_aالإستثمار الأجنبي : _bالمعوقات والضمانات القانونية / _c دريد محمود السامرائي |
|
| 260 |
_aبيروت: _bمركز دراسات الوحدة العربية, _c2006 |
||
| 300 |
_a384 صفحة؛ _bإيضاحات ؛ _c24 سم |
||
| 520 | _aالأستثمار الأجنبي، مفهومه القانوني وعوامل تطوره- معوقات الإستثمار الأجنبي- الضمانات التشريعية للإستثمار الأجنبي- الضمانات الأتفاقية للإستثمار الأجنبي- الضمانات القضائية. | ||
| 653 | _aالإستثمار الأجنبي | ||
| 942 | _cكتاب | ||
| 999 |
_c43261 _d43261 |
||